| 000 | 00968nam a2200229Ia 4500 | ||
|---|---|---|---|
| 005 | 20240530103105.0 | ||
| 008 | 140319s1992 xx 000 0 ara d | ||
| 040 |
_aGCL / _cGCL |
||
| 082 | 0 | 4 |
_b922.581 / _bق ت |
| 100 | 1 | _aابن قطلوبغا الحنفى : زين الدين ابى العدل القاسم | |
| 245 | 1 | 0 |
_aتاج التراجم فى من صنف من الحنفية / _cتاليف ابن قطلوبغا الحنفى : زين الدين ابي العدل القاسم ؛ محقق ابراهيم صالح |
| 250 | _aالاولى | ||
| 260 |
_aبيروت : _bدار المامون، _c1992 |
||
| 300 |
_a418 ص؛ _c24 سم |
||
| 490 | _aمطبوعات مركز جمعة الماجد للثقافة والتراث | ||
| 650 | 0 | 4 | _aالفقهاء |
| 650 | 0 | 4 | _aالتراجم |
| 650 | 0 | 4 | _aالفقهاء الاحناف |
| 700 | 1 |
_aابراهيم صالح _eمحقق |
|
| 942 |
_2ddc _cBK |
||
| 999 |
_c36756 _d36756 |
||